Statistics for Itzy Song by the Iconic English Lyrics (Easy Ver.)

Click here to take the quiz!

General Stats

  • This quiz has been taken 75 times
  • The average score is 13 of 15

Answer Stats

QuestionAnswer% Correct
"Hey! Why so serious?"Cheshire
97%
"Shakey shake, Shakey shake, Bust it up, Bust it up."Cake
95%
"Shh. Guess who loves you."In the morning
95%
"Bite me, bite you, boom boom."Mr. Vampire
93%
"So dangerous, so, so, dangerous."Loco
92%
"Bam-bam-bam-ba-di. Nobody."Untouchable
90%
"Na-na-na-na-na-na. Don't care what you do."None of my Business
86%
"Gotta sit down and shut up, you did it to yourself."Boys like You
85%
"I'm sorry I don't care, don't care, really don't care"Dalla Dalla
83%
"Ladies and gents. Put your hands up. Hands up in the air, high"Ringo
83%
"We keep walking, they keep talking."Icy
81%
"Everybody, everybody, everybody touchin' me, all eyes on me, yeah."Wannabe
78%
"I'm on my way up, run to the top (aohh)"Sneakers
69%
"Don't need your permission (So what? So what?) Every step I take is in victory lane, yeah."Born to be
66%
"Hey there, hey there, great pair, great pair."Not Shy
63%

Score Distribution

Percentile by Number Answered

Percent of People with Each Score

Your Score History

You have not taken this quiz